Fuzzy reasoning in managerial decision making - an overview (Record no. 36407)

000 -LEADER
fixed length control field 00427pab a2200169 454500
008 - FIXED-LENGTH DATA ELEMENTS--GENERAL INFORMATION
fixed length control field 180718b1997 xxu||||| |||| 00| 0 eng d
100 ## - MAIN ENTRY--PERSONAL NAME
Personal name Mukherjee, Kampan
245 ## - TITLE STATEMENT
Title Fuzzy reasoning in managerial decision making - an overview
260 ## - PUBLICATION, DISTRIBUTION, ETC.
Date of publication, distribution, etc. 1997
300 ## - PHYSICAL DESCRIPTION
Extent p.304-12
362 ## - DATES OF PUBLICATION AND/OR SEQUENTIAL DESIGNATION
Dates of publication and/or sequential designation Jul-Sep
650 ## - SUBJECT ADDED ENTRY--TOPICAL TERM
Topical term or geographic name entry element Decision making
650 ## - SUBJECT ADDED ENTRY--TOPICAL TERM
Topical term or geographic name entry element Management
700 ## - ADDED ENTRY--PERSONAL NAME
Personal name Kar, Chinmaya
773 ## - HOST ITEM ENTRY
Main entry heading Productivity
909 ## -
-- 36407
Holdings
Withdrawn status Lost status Damaged status Not for loan Permanent Location Current Location Date acquired Serial Enumeration / chronology Barcode Date last seen Price effective from Koha item type
        Indian Institute of Public Administration Indian Institute of Public Administration 2018-07-19 Volume no: 38, Issue no: 2 AR36702 2018-07-19 2018-07-19 Articles

Powered by Koha